| 000 | 00368nam a2200133Ia 4500 | ||
|---|---|---|---|
| 008 | 150202s9999 xx 000 0 und d | ||
| 020 | _a373195079 | ||
| 050 |
_aFIC _bFIC |
||
| 100 | _aClayton, Donna. | ||
| 245 |
_aWho will father my baby? / _cDonna Clayton. |
||
| 260 |
_aNew York : _bSilhouette Books, _c2001. |
||
| 300 |
_a184 pages : _c18 cm. |
||
| 650 | _aFiction. | ||
| 999 |
_c281914 _d281914 |
||